000 00967cam a22002531i 4500
003 SA-RiAUC
005 20260413122144.0
008 260407s1961 ir g 000 0 ara c
040 _aSA-JeALM
_bara
_cSA-RiAUC.
_erda
050 4 _bS535I85 2000
082 0 4 _a258.6
_qSA-RiAUC
090 _a258.6
_bن ج ف
100 1 _aنجف، محمد مهدي
_eمؤلف.
245 1 2 _aفقه الاعتكاف /
_bدراسة فقهية مقارنة بين المذاهب الإسلامية
_cتأليف محمد مهدي نجف
250 _aالطبعة الأولى.
264 1 _aقم، إيران :
_bمكتبة الفقه والأصول المختصة،
_c2014
300 _a112 صفحة ؛
_c24 سم.
336 _aنص
_btxt
_2rdacontent
_3كتاب
337 _aبدون وسيط
_bn
_2rdamedia
650 7 _aفقه الشيعة
_2aucsh
650 7 _aالاعتكاف (شيعة)
_2aucsh
942 _2ddc
_cBOOK
_n0
949 _aSA-JeALM
_d260407
_uosman123
_n1
999 _c14752
_d14752